000 01178nam a22002897a 4500
005 20240530110420.0
008 140915s2010 ua g 000 0 ara d
017 _a2009/10569
_bمصر . دار الكتب المصرية
020 _a9789773286117
040 _aEG-CaGPL
082 0 4 _221
_a347.064\
_bأ ب
100 0 _aانس حسن محمد ناجى
245 1 2 _aالبصمة الوراثية :
_bومدى مشروعيتها فى اثبات ونفى النسب فى ضوء الفقة الاسلامى والقانون الوضعى /
_cانس حسن محمد ناجى
260 _aالاسكندرية :
_bدار الجامعة الجديدة للنشر ،
_c2010
300 _a358 ص ؛
_c24 سم
650 0 7 _aالبصمات
_xالجوانب الوراثية
650 0 7 _aاثبات النسب
650 0 7 _aالتلقيح الصناعى
650 0 7 _aاللعان
650 0 7 _aنفى النسب
650 0 7 _aولد الزنا
650 0 7 _aالوراثة
_xالعوامل المؤثرة فى
650 0 7 _aالوراثة
_x فروق
650 0 7 _aالهندسة الوراثية
942 _2ddc
_cBK
999 _c60635
_d60635